[Event "Moscow op-E"]
[Site "Moscow"]
[Date "2011.02.03"]
[Round "6.4"]
[White "Radchenko, Grigory"]
[Black "Gurvich, Oleg"]
[Result "0-1"]
[WhiteElo "1797"]
[BlackElo "1770"]
[PlyCount "102"]
[EventDate "2011.01.29"]
[EventType "swiss"]
[EventRounds "9"]
[EventCountry "RUS"]
[SourceTitle "EXT 2022"]
[Source "ChessBase"]
[SourceDate "2021.10.06"]
[SourceVersion "1"]
[SourceVersionDate "2021.10.06"]
[SourceQuality "1"]

1. e4 c5 2. Bc4 Nc6 3. Nf3 e6 4. Nc3 Nf6 5. h3 Qc7 6. a3 Be7 7. d3 0-0 8. Bg5 h6 9. Bh4 a6 10. Bg3 d6 11. Qd2 b5 12. Ba2 Bb7 13. Ne2 Rac8 14. c3 Nh5 15. Bh2 Qb6 16. Qe3 a5 17. 0-0 b4 18. Bc4 Rfe8 19. Qd2 Rcd8 20. Nc1 d5 21. exd5 exd5 22. Ba2 c4 23. d4 b3 24. Bb1 Bd6 25. Ne2 Bxh2+ 26. Nxh2 Re7 27. g4 Nf6 28. Ng3 Ne4 29. Nxe4 dxe4 30. g5 Rd6 31. Qf4 Nxd4 32. cxd4 hxg5 33. Qe3 Qxd4 34. Qxd4 Rxd4 35. Ng4 Rd2 36. Ne3 Ba6 37. Rc1 Rxb2 38. Nxc4 Rc7 39. Bxe4 Rxc4 40. Bd5 Rxc1+ 41. Rxc1 Rc2 42. Rb1 b2 43. Ba2 Bc4 44. Bxc4 Rc1+ 45. Kg2 Rxb1 46. Bd3 Ra1 47. a4 b1Q 48. Bxb1 Rxb1 49. Kg3 f5 50. h4 Rb3+ 51. f3 g4 0-1

[Event "Moscow op-E"]
[Site "Moscow"]
[Date "2011.02.02"]
[Round "5.252"]
[White "Gurvich, Oleg"]
[Black "Stankevich, Konstantin"]
[Result "0-1"]
[WhiteElo "1770"]
[BlackElo "1901"]
[PlyCount "38"]
[EventDate "2011.01.29"]
[EventType "swiss"]
[EventRounds "9"]
[EventCountry "RUS"]
[SourceTitle "EXT 2022"]
[Source "ChessBase"]
[SourceDate "2021.10.06"]
[SourceVersion "1"]
[SourceVersionDate "2021.10.06"]
[SourceQuality "1"]

1. d4 d5 2. c4 e6 3. Nc3 c5 4. cxd5 exd5 5. Nf3 Nf6 6. Bg5 Be7 7. dxc5 Be6 8. b4 0-0 9. e3 h6 10. Bh4 a5 11. a3 axb4 12. axb4 Nc6 13. Ra4 Nxb4 14. Rxb4 Qa5 15. Qb3 d4 16. Bc4 Qxc5 17. exd4 Qxb4 18. Nd2 Qxb3 19. Nxb3 Bxc4 0-1

[Event "Moscow op-E"]
[Site "Moscow"]
[Date "2011.02.01"]
[Round "4.15"]
[White "Chuguev, Valentin"]
[Black "Gurvich, Oleg"]
[Result "0-1"]
[WhiteElo "1782"]
[BlackElo "1770"]
[PlyCount "72"]
[EventDate "2011.01.29"]
[EventType "swiss"]
[EventRounds "9"]
[EventCountry "RUS"]
[SourceTitle "EXT 2022"]
[Source "ChessBase"]
[SourceDate "2021.10.06"]
[SourceVersion "1"]
[SourceVersionDate "2021.10.06"]
[SourceQuality "1"]

1. e4 c5 2. Nf3 d6 3. d4 cxd4 4. Nxd4 Nf6 5. Nc3 a6 6. Be2 e5 7. Nb3 Be7 8. Be3 0-0 9. 0-0 Be6 10. Qd2 Qc7 11. f4 exf4 12. Bxf4 Nc6 13. Kh1 Rfd8 14. Rad1 Rac8 15. Nd4 Nxd4 16. Qxd4 b5 17. a3 Qc5 18. Rd2 d5 19. Rfd1 Qxd4 20. Rxd4 Nxe4 21. Nxe4 dxe4 22. c3 Rxd4 23. Rxd4 f5 24. h3 Rd8 25. Rxd8+ Bxd8 26. Kg1 g5 27. Be5 Bb6+ 28. Kf1 Bc4 29. Bxc4+ bxc4 30. Ke2 Kf7 31. Bd4 Bxd4 32. cxd4 Ke6 33. Ke3 Kd5 34. g3 f4+ 35. gxf4 gxf4+ 36. Kxf4 Kxd4 0-1

[Event "Moscow op-E"]
[Site "Moscow"]
[Date "2011.01.30"]
[Round "2.4"]
[White "Simkin, Alexander"]
[Black "Gurvich, Oleg"]
[Result "1-0"]
[WhiteElo "1969"]
[BlackElo "1770"]
[PlyCount "79"]
[EventDate "2011.01.29"]
[EventType "swiss"]
[EventRounds "9"]
[EventCountry "RUS"]
[SourceTitle "EXT 2022"]
[Source "ChessBase"]
[SourceDate "2021.10.06"]
[SourceVersion "1"]
[SourceVersionDate "2021.10.06"]
[SourceQuality "1"]

1. e4 c5 2. Nf3 d6 3. d4 cxd4 4. Nxd4 Nf6 5. Nc3 a6 6. Be3 e5 7. Nb3 Be6 8. f3 Be7 9. Qd2 0-0 10. g4 Qc7 11. g5 Nh5 12. 0-0-0 Nd7 13. Kb1 Rac8 14. h4 Ng3 15. Rg1 Nxf1 16. Rdxf1 b5 17. Nd5 Bxd5 18. exd5 b4 19. Rg2 a5 20. Nc1 Nb6 21. Bxb6 Qxb6 22. f4 exf4 23. Rxf4 Rb8 24. Re2 Bd8 25. Rc4 Qb5 26. Rc6 Rb6 27. Qd3 Qxd3 28. cxd3 Rxc6 29. dxc6 Bb6 30. Re7 Rc8 31. Rb7 Bd8 32. Ne2 Kf8 33. Nd4 g6 34. Rd7 Be7 35. Ra7 Bd8 36. Ra6 Ke7 37. Kc2 d5 38. Kb3 Kd6 39. Ka4 f6 40. gxf6 1-0